000 00548nam a22002057a 4500
003 OSt
005 20140310182926.0
008 130130t xxu||||| |||| 00| 0 eng d
020 _a9789712726118
050 _aPL5536
_b.M116 2011
082 _aFIL 899.2104
_bM116 2011
245 _aTurning points
_bwomen in transit
_cLopa-Macasaet, Rhona
260 _aManila
_bAnvil Publishing
_cc2011
300 _a201 p.
_c 22 cm.
521 _acollege students
526 _c1210L-1700L
541 _j1
562 _e1
942 _2lcc
_cBK
_kFIL
999 _c17433
_d17433